000 00453nam a2200145Ia 4500
008 100204s9999 xx 000 0 und d
082 _b7949
100 _aकाकोडकर चंद्र्रकांत
245 _aखानदान
260 _b"चंद्र्रकांत प्रकाशन , मुंबई"
_c1974
300 _a171
630 _aखानदान
730 _aखानदान
942 _cBOOK
999 _c452385
_d452382